Statistics for US Metro Areas <200,000 People

Click here to take the quiz!

General Stats

  • This quiz has been taken 24 times
  • The average score is 62 of 159

Answer Stats

HintAnswer% Correct
134,417Bismarck
82%
145,052Flagstaff
82%
184,149Dover
73%
157,335Grand Junction
73%
162,786Idaho Falls
73%
119,533Missoula
73%
141,979Rapid City
73%
187,037Billings
64%
58,993Carson City
64%
179,789Coeur d'Alene
64%
95,593Fairbanks
64%
84,511Great Falls
64%
96,213Pocatello
64%
169,622Pueblo
64%
182,139Redding
64%
135,633Springfield
64%
116,905Twin Falls
64%
177,314Abilene
55%
182,594Bowling Green
55%
100,863Cheyenne
55%
103,462Grand Forks
55%
76,175Grand Island
55%
172,169Greenville
55%
64,851Lewiston
55%
111,034Lewiston-Auburn
55%
173,180 | 83,457Midland
55%
161,091Odessa
55%
179,168Panama City
55%
155,201Santa Fe
55%
149,265Sioux City
55%
191,226St. George
55%
149,013Wichita Falls
55%
177,218Auburn-Opelika
45%
152,765Bangor
45%
133,819Battle Creek
45%
102,985Bay City
45%
173,877Burlington
45%
97,699Cape Girardeau
45%
79,555Casper
45%
96,017Corvallis
45%
102,432 | 156,758Decatur
45%
151,618Dothan
45%
173,317Eau Claire
45%
120,993Farmington
45%
104,362Fond du Lac
45%
177,239Iowa City
45%
160,050 | 180,799Jackson
45%
134,878Jonesboro
45%
119,363Lawrence
45%
152,083Logan
45%
111,524Longview
45%
133,932Manhattan
45%
111,871Muncie
45%
171,623Oshkosh-Neenah
45%
121,277Owensboro
45%
189,591Saginaw
45%
126,050Sierra Vista-Douglas
45%
157,527State College
45%
184,910Terre Haute
45%
116,295Watertown-Fort Drum
45%
137,740Wheeling
45%
147,773Albany
36%
129,839Albany-Lebanon
36%
121,767Altoona
36%
126,195Ames
36%
161,321 | 170,889Bloomington
36%
73,095Danville
36%
98,718Dubuque
36%
179,851El Centro
36%
83,045Elmira
36%
199,259Florence
36%
151,517Florence-Muscle Shoals
36%
126,574Glens Falls
36%
135,217Hammond
36%
153,443Hanford-Corcoran
36%
135,824Harrisonburg
36%
173,078Hattiesburg
36%
100,330Hot Springs
36%
105,162Ithaca
36%
150,706Jefferson City
36%
83,687Kokomo
36%
139,211La Crosse-Onalaska
36%
127,543Lawton
36%
101,670Lima
36%
159,410Madera
36%
103,612Mankato
36%
125,195Mansfield
36%
155,274Monroe
36%
140,745Morgantown
36%
176,511Muskegon
36%
98,771Rome
36%
122,344San Angelo
36%
147,174Texarkana
36%
149,152Valdosta
36%
98,127Victoria
36%
62,682Walla Walla
36%
195,246Warner Robins
36%
167,796Waterloo-Cedar Falls
36%
166,189Wausau-Weston
36%
123,342Wenatchee
36%
113,605Williamsport
36%
182,484Yuba City
36%
150,890Alexandria
27%
115,972Anniston-Oxford
27%
113,698Beckley
27%
165,293Blacksburg-Christiansburg
27%
82,959Bloomsburg-Berwick
27%
132,907Carbondale-Marion
27%
156,289Chambersburg-Waynesboro
27%
82,475Columbus
27%
156,766Elizabethtown-Fort Knox
27%
61,926Enid
27%
103,162Gadsden
27%
116,835Goldsboro
27%
88,346Grants Pass
27%
132,167Johnstown
27%
182,541Joplin
27%
182,951Kingston
27%
143,493Lebanon
27%
143,855Morristown
27%
130,696Mount Vernon-Anacortes
27%
136,207Napa
27%
122,273New Bern
27%
95,661Ocean City
27%
88,687Parkersburg-Vienna
27%
86,412Pine Bluff
27%
128,657Pittsfield
27%
196,896Racine
27%
163,662Sebastian-Vero Beach
27%
103,296Sebring-Avon Park
27%
117,747Sheboygan
27%
139,336Sherman-Denison
27%
125,774Staunton
27%
120,424St. Joseph
27%
115,585Weirton-Steubenville
27%
145,155Winchester
27%
113,963Brunswick
18%
114,468California-Lexington Park
18%
127,938Cleveland
18%
169,273East Stroudsburg
18%
104,127Gettysburg
18%
82,863Hinesville
18%
164,381Janesville-Beloit
18%
164,221Kahului-Wailuku-Lahaina
18%
106,601Kankakee
18%
112,390Michigan City-La Porte
18%
153,101Niles
18%
194,843Punta Gorda
18%
135,782Sumter
18%
153,627Vineland-Bridgeton
18%
94,586Cumberland
9%
142,799Dalton
9%
158,083Homosassa Springs
9%
143,535Rocky Mount
9%
135,638The Villages
9%

Score Distribution

Percentile by Number Answered

Percent of People with Each Score

Your Score History

You have not taken this quiz